00880nam a22002777a 45000010005000000030006000050050017000110080041000280200017000690400029000860500014001150820012001291000016001412450031001572500064001882600041002523000043002935050008003365200125003445210020004695210020004896500021005096500018005306500020005487000034005685238FISKH20241120152242.0241120b cb ||||| |||| 00| 0 eng d a051488003991 aFISKHbengcFISKHdFISKH aPZ7.D1515 a823.914 aDahl, Roald aEsio Trot /cby Roald Dahl aFirst published in Great Britain by Jonathan Cape Ltd, 1990 aNew York :bPenguin Groups ;c1990 . a62 pages : billustrations ;c20 cm .  aU  aShy Mr. Hoppy devises a plan to win the heart of his true love by teaching her a spell to make her tortoise grow bigger.8 a840 bLexile 8 aU bRaz-Plus  aturtlesvfiction asizevfiction amagic vfiction aBlake, Qientin eillustrator